| 000 | 00939cam a22002775a 4500 | ||
|---|---|---|---|
| 001 | 016417760 | ||
| 003 | OSt | ||
| 005 | 20201128021353.0 | ||
| 008 | 130902t2014 enka frb 001 0 eng d | ||
| 020 | _a9780273787075 | ||
| 020 | _a0273787071 | ||
| 040 |
_aStDuBDS _beng _cStDuBDS _dUk _dEG-ScBUE |
||
| 082 | 0 | 4 |
_a658.5 _bHEI _222 |
| 100 | 1 |
_aHeizer, Jay H. _94442 |
|
| 245 | 1 | 0 |
_aOperations management : _bsustainability and supply chain management / _cJay Heizer, Barry Render. |
| 250 | _a11th ed., Global ed. | ||
| 260 |
_aHarlow : _bPearson Education Limited, _cc.2014. |
||
| 300 |
_a(Various pagings) : _bill. (col.) ; _c28 cm. |
||
| 500 | _aStudent access code inside MyOMLab. | ||
| 504 | _aIncludes bibliographical references and indexes. | ||
| 650 | 7 |
_aProduction management. _2BUEsh _91855 |
|
| 651 | _2BUEsh | ||
| 653 |
_bBUSADM _cJune2015 _cJuly2015 _cOctober2016 |
||
| 700 | 1 |
_aRender, Barry. _94444 |
|
| 942 |
_2ddc _k658.5 HEI |
||
| 999 |
_c20008 _d19980 |
||